UM Logo

Embedded system design : (Record no. 22899)

MARC details
000 -LEADER
fixed length control field 00649nam a22001817a 4500
005 - DATE AND TIME OF LATEST TRANSACTION
control field 20241105142633.0
008 - FIXED-LENGTH DATA ELEMENTS--GENERAL INFORMATION
fixed length control field 241024b |||||||| |||| 00| 0 eng d
020 ## - INTERNATIONAL STANDARD BOOK NUMBER
International Standard Book Number 9780443184703
082 ## - DEWEY DECIMAL CLASSIFICATION NUMBER
Classification number DC 004.21 H396 2024
100 ## - MAIN ENTRY--PERSONAL NAME
Personal name Henschen, Lawrence J.
9 (RLIN) 63442
245 ## - TITLE STATEMENT
Title Embedded system design :
Remainder of title methodologies and issues /
Statement of responsibility, etc. Lawrence J. Henschen and Julia C. Lee.
260 ## - PUBLICATION, DISTRIBUTION, ETC. (IMPRINT)
Place of publication, distribution, etc. United States :
Name of publisher, distributor, etc. Elsevier Inc.,
Date of publication, distribution, etc. ©2024.
300 ## - PHYSICAL DESCRIPTION
Extent xviii, 513 pages :
Other physical details illustrations (some color) ;
Dimensions 23 cm.
500 ## - GENERAL NOTE
General note Includes index.
650 #0 - SUBJECT ADDED ENTRY--TOPICAL TERM
Topical term or geographic name as entry element Embedded computer systems
General subdivision Design.
9 (RLIN) 63620
700 ## - ADDED ENTRY--PERSONAL NAME
Personal name Lee, Julia C.
9 (RLIN) 63444
Relator term author.
942 ## - ADDED ENTRY ELEMENTS (KOHA)
Source of classification or shelving scheme Dewey Decimal Classification
Koha item type Circulation
Holdings
Withdrawn status Lost status Source of classification or shelving scheme Damaged status Not for loan Collection code Home library Current library Shelving location Date acquired Source of acquisition Cost, normal purchase price Total Checkouts Full call number Barcode Date last seen Date last checked out Price effective from Koha item type
    Dewey Decimal Classification     Circulation UM Digos College - LIC UM Digos College - LIC Book Cart 08/20/2024 Purchased 9894.00 1 DC 004.21 H396 2024 28478 01/21/2026 01/15/2026 10/24/2024 Circulation